Представление документа в формате MARC21

Поле Инд. ПП Название Значение
Тип записи a
Библиографический уровень b
001 Контрольный номер RU/IS/BASE/122997436
005 Дата корректировки 20200522190740.2
084 a Индекс другой классификации/Индекс ББК 86.372.24(2Рос)-3*
100 1_ a Автор Макин С.
245 a Заглавие Чудо чудное, Дивеево дивное
650 a Основная рубрика православие
a Основная рубрика религия
a Основная рубрика русская православная церковь
a Основная рубрика христианство
653 a Ключевые слова история церкви
a Ключевые слова монастыри
a Ключевые слова православная церковь
a Ключевые слова православные монастыри
a Ключевые слова Россия
a Ключевые слова Свято-Троицкий Серафимо-Дивеевский женский монастырь
a Ключевые слова соборы
a Ключевые слова Троицкий собор Дивеевского монастыря
773 t Заглавие источника Наука и религия
d Дата издания источника 2002
g Прочая информация № 8. - С. 29 - 32
w Контрольный № источника RU/IS/BASE/122994564
901 t Тип документа b